कुरराटी / (Record no. 114893)
[ view plain ]
| 000 -LEADER | |
|---|---|
| fixed length control field | 01028nam a22002777a 4500 |
| 003 - CONTROL NUMBER IDENTIFIER | |
| control field | dpl |
| 005 - DATE AND TIME OF LATEST TRANSACTION | |
| control field | 20181116163649.0 |
| 008 - FIXED-LENGTH DATA ELEMENTS--GENERAL INFORMATION | |
| fixed length control field | 181116b ||||| |||| 00| 0 eng d |
| 010 ## - LIBRARY OF CONGRESS CONTROL NUMBER | |
| LC control number | B-067083 |
| 020 ## - INTERNATIONAL STANDARD BOOK NUMBER | |
| Terms of availability | 150.00 |
| International Standard Book Number | 8188081043 |
| 035 ## - SYSTEM CONTROL NUMBER | |
| System control number | B-067083, बी067087 |
| 037 ## - SOURCE OF ACQUISITION | |
| Source of stock number/acquisition | Cen Lib/Ret |
| 040 ## - CATALOGING SOURCE | |
| Original cataloging agency | DPL |
| Language of cataloging | HN |
| Transcribing agency | 0 |
| 082 ## - DEWEY DECIMAL CLASSIFICATION NUMBER | |
| Classification number | उ |
| Item number | दुबेस |
| 100 ## - MAIN ENTRY--PERSONAL NAME | |
| Personal name | दुबे, सतीश |
| 9 (RLIN) | 143163 |
| 245 ## - TITLE STATEMENT | |
| Title | कुरराटी / |
| Statement of responsibility, etc | सतीश दुबे |
| 246 ## - VARYING FORM OF TITLE | |
| Title proper/short title | Kurrati |
| Remainder of title | by DSatish Dubey |
| 260 ## - PUBLICATION, DISTRIBUTION, ETC. (IMPRINT) | |
| Place of publication, distribution, etc | दिल्ली |
| Name of publisher, distributor, etc | दिशा प्रकाशन |
| Date of publication, distribution, etc | 2002 |
| 270 ## - ADDRESS | |
| Address | 138/16, त्रिनगर |
| City | दिल्ली |
| Postal code | 110035 |
| 300 ## - PHYSICAL DESCRIPTION | |
| Extent | 176पृष्ठ. |
| Dimensions | 20(सजिल्द) |
| 650 ## - SUBJECT ADDED ENTRY--TOPICAL TERM | |
| Topical term or geographic name as entry element | हिंदी साहित्य |
| 9 (RLIN) | 143164 |
| 650 ## - SUBJECT ADDED ENTRY--TOPICAL TERM | |
| Topical term or geographic name as entry element | हिंदी उपन्यास -भील जनजाति |
| 9 (RLIN) | 58860 |
| 650 ## - SUBJECT ADDED ENTRY--TOPICAL TERM | |
| Topical term or geographic name as entry element | hindi literature |
| 9 (RLIN) | 143165 |
| 650 ## - SUBJECT ADDED ENTRY--TOPICAL TERM | |
| Topical term or geographic name as entry element | Hindi novel -Bheel tribe |
| 9 (RLIN) | 58862 |
| 942 ## - ADDED ENTRY ELEMENTS (KOHA) | |
| Source of classification or shelving scheme | Dewey Decimal Classification |
| Koha item type | Hindi Books |
| Classification part | उ |
| Call number suffix | दुबेस |
| Withdrawn status | Lost status | Damaged status | Not for loan | Home library | Current library | Date acquired | Source of acquisition | Cost, normal purchase price | Total Checkouts | Full call number | Barcode | Date last seen | Copy number | Cost, replacement price | Price effective from | Koha item type | Public note | Source of classification or shelving scheme | Collection code | Date checked out |
|---|---|---|---|---|---|---|---|---|---|---|---|---|---|---|---|---|---|---|---|---|
| Written off | Central Library | Central Library | 18/08/2015 | Cen Lib/Ret | 150.00 | उ दुबेस | B-067083 | 18/08/2015 | 1 | 150.00 | 18/08/2015 | Hindi Books | Written off on approval by DLB (By Circulation); dtd 15-06-2023 | |||||||
| Shahdara Branch | Shahdara Branch | 16/11/2018 | BPPD/PUB | 150.00 | 1 | उ दुबेस | B-067087 | 19/12/2018 | 150.00 | 16/11/2018 | Hindi Books | Dewey Decimal Classification | Fiction | 07/12/2018 |
